Statistiques concernant Mot mystérieux - Série 66

Cliquez ici pour prendre le quiz!

Statistiques générales

  • Ce quiz a été pris 68 fois
  • Le résultat moyen est 8 sur 10

Statistiques - réponses

IndicesMot% Correct
rond - blouson - bottes - tannécuir
95%
puces - dupes - fleurs - Rungismarché
95%
abeille - soja - bougie - muséecire
90%
bracelet - gousset - plongée - luxemontre
90%
clerc - étude - frais - actenotaire
90%
sel - blanc - cayenne - sichuanpoivre
82%
ninja - luth - hermann - floridetortue
68%
notaire - marché - bureau - certificatétude
67%
ligne - eau - école - accompagnéeconduite
60%
cuisine - forgeron - sapeur - ponttablier
33%

Distribution des résultats

Percentile par nombre de réponses

% des personnes avec chaque résultat

Votre développement - résultats

Vous n’avez pas pris ce quiz